Proizvodstvenite otnošenija kato kibernetična sistema.
Pri zostavovaní nového obsahu predmetu politická ekonómia je potrebné odstrániť ideologické a politické nánosy a zamerať pozornosť na požiadavky hospodárskej praxe. Návrh štrukturalizácie ekonomických poznatkov vychádzajúci z kybernetickej podstaty výrobných vzťahov a z 12 podstatných vlastností (zn...
Salvato in:
| Autore principale: | |
|---|---|
| Natura: | Capitolo di libro |
| Lingua: | bulgaro |
| Soggetti: | |
| Tags: |
Nessun Tag, puoi essere il primo ad aggiungerne!!
|
MARC
| LEADER | 00000naa a2200000 4500 | ||
|---|---|---|---|
| 001 | r002174 | ||
| 005 | 20220819194541.7 | ||
| 041 | 0 | |a bul | |
| 044 | |a BG | ||
| 245 | 1 | 0 | |a Proizvodstvenite otnošenija kato kibernetična sistema. |c K. Mirkovič |
| 520 | |a Pri zostavovaní nového obsahu predmetu politická ekonómia je potrebné odstrániť ideologické a politické nánosy a zamerať pozornosť na požiadavky hospodárskej praxe. Návrh štrukturalizácie ekonomických poznatkov vychádzajúci z kybernetickej podstaty výrobných vzťahov a z 12 podstatných vlastností (znakov) týchto vzťahov. Náčrt rozpracovania nového vedeckého smeru - ekonomickej synergetiky. | ||
| 610 | 2 | 0 | |a ekonómia politická |
| 610 | 2 | 0 | |a vzťahy výrobné |
| 610 | 2 | 0 | |a synergetika |
| 610 | 2 | 0 | |a vyučovanie |
| 610 | 2 | 0 | |a školy vysoké |
| 610 | 2 | 0 | |a BR |
| 100 | 1 | |a Mirkovič, K. | |